00434nam a2200121Ia 4500008004100000024006000041082001900101100007300120245003300193260002600226600002700252650003300279260210s9999 xx 000 0 und d a12B-135-EL, 12B-140-EL, 12B-147-EL & 12B-159-EL a670.427072 SHI aShiekh Amin, Hasan Shafi, Muhammad Hamza Alim & Syed Safwan Akif 0aPLC Based Spray Crystallizer aKarachi:bUITU,c2012 aElectrical Engineering aBachelor of Engineering (BE)